| 000 | 00434nam a2200169Ia 4500 | ||
|---|---|---|---|
| 005 | 20140403135820.0 | ||
| 008 | 140130s9999 xx 000 0 und d | ||
| 050 |
_aPZ 7 _b.H778125Ap 2005 |
||
| 245 |
_cHopkinson, Deborah _aApples to Oregon |
||
| 260 |
_bScholastic, _c2004 |
||
| 300 |
_a1 v. (unpaged) : _bcol. ill. ; _c23 x 29 cm. |
||
| 440 |
_v1 _931174 |
||
| 521 | _aG6 | ||
| 526 | _c840 | ||
| 942 |
_cBK _2lcc |
||
| 999 |
_c41207 _d41207 |
||